| 000 | 01889nam a2200397Ia 4500 | ||
|---|---|---|---|
| 001 | dia_7035 | ||
| 003 | CHAP | ||
| 005 | 20240514101744.0 | ||
| 007 | ta | ||
| 008 | 220117s2018 mx adm f 001 0 spa d | ||
| 040 |
_amxchpua _cCHAP |
||
| 090 |
_aT.C.757 _bR58 SAI _c2018 |
||
| 245 | 1 | 0 |
_aSistema agroindustrial café en la huasteca potosina / _ccoordinador Víctor Rivera Salvador ; colaboradores María Guadalupe Alarcón Márquez...[y otros] |
| 260 |
_aMéxico : _bEl autor, _c2018 |
||
| 300 |
_a83 hojas : _bilustraciones, tablas, gráficas, diagramas, fotos |
||
| 336 |
_2rdacontent _atexto _btxt |
||
| 337 |
_2rdamedia _ano mediado _bn |
||
| 338 |
_2rdacarrier _avolumen _bnc |
||
| 500 | _aGrado: 6° año Grupo: 02 | ||
| 502 |
_aViaje de Estudios _b(SAI) -- _cUACh. Departamento de Ingeniería Agroindustrial, _d2018 |
||
| 504 | _aBibliografía: hojas 81-83 | ||
| 505 | 0 | 0 |
_aEmpresas visitadas : -- _t1.Agencia FIRA ciudad Valles, S.L.P. -- 2.Vivero y finca de café en Tampaxal, Aquismón, S.L.P. -- 3.Festival de café potosino 2018 -- 4.Café Gorah, Xilitla, San Luis Potosi -- 5.Benificio de café el esfuerzo Cafetalero, S.P.R. de R.L.-- 6.Café Balderas, S.A. de C.V. -- 7.Café La Reyna Papatlaco, Temazuchale, S.L.P. |
| 650 | 1 | 3 |
_aProductos de café _9162824 _zMéxico _zSan Luis Potosí |
| 650 | 1 | 3 |
_aSemillas de café _9161690 _zMéxico |
| 650 | 1 | 3 |
_aCoffee beans _9161682 _zMexico |
| 650 | 1 | 3 |
_aCoffee products _9162823 _zMexico _zSan Luis Potosí |
| 700 | 1 |
_aRivera Salvador, Víctor _9152488 _ecoordinador |
|
| 700 | 1 |
_aAlarcón Márquez, María Guadalupe _9162825 _ecolaborador |
|
| 856 | 4 | 2 |
_uhttp://10.13.5.2/ve/TC757SAI/TC757SAI2018-REPORTE.pdf _yDESCARGAR REPORTE |
| 901 | _aT.C.757 R58 SAI 2018 | ||
| 902 | _aM | ||
| 905 | _a5232272018 mx mdl 8223123322spa16 | ||
| 942 | _2local | ||
| 942 | _cVE | ||
| 999 |
_c178154 _d178154 |
||